Éléments de linguistique textuelle: Théorie et pratique de l'analyse textuelle

محفوظ في:
التفاصيل البيبلوغرافية
المؤلف الرئيسي: Jean-Michel Adam
التنسيق: كتاب
اللغة:Undetermined
منشور في: Liège Mardaga 1990
الموضوعات:
الوسوم: إضافة وسم
لا توجد وسوم, كن أول من يضع وسما على هذه التسجيلة!
Thư viện lưu trữ: Trung tâm Học liệu Trường Đại học Cần Thơ
LEADER 00654nam a2200205Ia 4500
001 CTU_56406
008 210402s9999 xx 000 0 und d
082 |a 410 
082 |b A194 
100 |a Jean-Michel Adam 
245 0 |a Éléments de linguistique textuelle: Théorie et pratique de l'analyse textuelle 
245 0 |c Jean-Michel Adam 
260 |a Liège 
260 |b Mardaga 
260 |c 1990 
526 |a Ngữ pháp văn bản và kỹ năng đọc viết tiếng Pháp 
526 |b SP653 
650 |a linguistics,language and languages 
650 |x philosophy 
980 |a Trung tâm Học liệu Trường Đại học Cần Thơ